000 00311nam a2200133 i 4500
001 bg
100 1 _aSONDIJ, F.
245 0 _aTermokinetyka :
_bzagadnienia wybrane /
_cF. Sondij. Cz.1.
260 _aLublin,
_c1990.
040 _cBPK
041 _apol
942 _cKS
008 s pl f |000 0 pol
999 _c4629
_d4629
856 _uhttp://koha.tu.koszalin.pl/cgi-bin/koha/opac-detail.pl?biblionumber=4629
_yKatalog online BPK